000 00564nam a2200181 i 4500
001 85680
003 ES-MaACL
005 20250926063054.0
007 t|
008 041130s1968 sp ||||1| spa d
100 1 _aJung, Carl G.,
_d1875-1961
_967282
245 1 0 _aConsideraciones sobre la historia actual /
_cC.G. Jung ; [lo tradujo Luis Alberto Martín Baró].
260 _aMadrid :
_bGuadarrama,
_c[1968]
300 _a162 p. ;
_c18 cm.
700 1 _aMartín Baró, Luis.
_977409
852 _aES-MaACL
_jC-37206
_bR.66651
999 _c85680
_d85680